MARC

LEADER 00000nam0a2200000 4500
001 302064
005 20231102001450.0
035 |a (RuTPU)RU\TPU\book\327259 
090 |a 302064 
100 |a 20150819d1982 m y0rusy50 ca 
101 0 |a rus 
102 |a RU 
105 |a a j 001zy 
200 1 |a Практикум по высшей геодезии (вычислительные работы)  |e учебное пособие  |f под ред. Н. В. Яковлева 
210 |a Москва  |c Недра  |d 1982 
215 |a 368 с.  |c ил. 
320 |a Библиогр.: с. 356 
606 1 |a Геодезия высшая  |2 stltpush  |3 (RuTPU)RU\TPU\subj\6025  |9 33991 
610 1 |a практикумы 
610 1 |a геодезические сети 
610 1 |a проектирование 
610 1 |a рекогносцировка 
610 1 |a точность 
610 1 |a построение 
610 1 |a геодезические координаты 
610 1 |a координаты Гауса-Крюгера 
610 1 |a угловые измерения 
610 1 |a триангуляция 
610 1 |a уравнивание 
610 1 |a сфероидическая геодезия 
610 1 |a решение задач 
610 1 |a геодезические построения 
610 1 |a учебные пособия 
675 |a 528.2/.3(076.5)  |v 4 
702 1 |a Яковлев  |b Н. В.  |4 340 
801 1 |a RU  |b 63413507  |c 20150819 
801 2 |a RU  |b 63413507  |c 20181023  |g RCR 
942 |c BK